000 00495nam a2200157 i 4500
001 25882
003 ES-MaACL
005 20230906153340.0
007 t|
008 030103s1966 xxu ||||1| eng d
100 1 _aArmore, Sidney J.
_922997
245 1 0 _aIntroduction to statistical analysis and inference for Psychology and Education /
_cSidney J. Armore.
260 _aNew York, etc. :
_bJohn Wiley & Sons,
_c[1966]
300 _aXX, 546 p. ;
_c23 cm.
852 _aES-MaACL
_jC-56485
_bR.89312
999 _c25882
_d25882